000 00716nam a2200217 i 4500
001 105624
003 ES-MaACL
007 t|
008 060728s1960 ag ||||1| spa d
080 _a821.131.1-31"19"
100 1 _aMari, Isa.
_976643
245 1 0 _aRoma, via delle Mantellate
_b: (el infierno en la ciudad) /
_cIsa Mari ; traducción de: Attilio Dabini.
260 _aBuenos Aires :
_bLosada,
_c[1960]
300 _a185 p. ;
_c21 cm.
490 1 _aLos grandes novelistas de nuestra época
500 _aBiblioteca Juan Andrade.
700 1 _aDabini, Attilio.
_942400
830 0 _aLos grandes novelistas de nuestra época
_9184584
852 _aES-MaACL
_jAND-441
_bR.109745
999 _c105624
_d105624